000 00400pab a2200169 454500
008 180718b2010 xxu||||| |||| 00| 0 eng d
100 _aShrivastav, P.P.
245 _aNorth east: Disaster risk and vulnerability
260 _c2010
300 _ap.14-18.
362 _aDec
650 _aDisasters - India,North East
650 _aDisasters
773 _aYojana
908 _aN
909 _a89836
999 _c89836
_d89836